| 000 | 00346nam a2200133Ia 4500 | ||
|---|---|---|---|
| 008 | 240624s9999 xx 000 0 und d | ||
| 041 | _aeng | ||
| 082 | _a650.14 COR | ||
| 100 | _aCORFIELD REBECCA | ||
| 245 | _aPREPARING THE PERFECT JOB APPLICATION AP | ||
| 260 |
_c2008 _aNew Delhi _bKogan Page |
||
| 300 | _a137 : p. : cm. ; 22 | ||
| 365 |
_cRS _b30 |
||
| 999 |
_c9611 _d9611 |
||